Arabic course

Αποθηκεύτηκε σε:
Λεπτομέρειες βιβλιογραφικής εγγραφής
Συγγραφή απο Οργανισμό/Αρχή: Linguaphone Institute
Μορφή: CD Ηχητικό
Γλώσσα:English
Δημοσίευση: London : Linguaphone Institute, c1977-2004.
Θέματα:
Ετικέτες: Προσθήκη ετικέτας
Δεν υπάρχουν, Καταχωρήστε ετικέτα πρώτοι!

MARC

LEADER 00000cjm a2200000 i 4500
001 1/47140
007 sd fs gn m ed
008 070629m19772004uk eng d
028 0 1 |a WAR 1DB3  |b Linguaphone 
028 0 1 |a WAR 2DB3  |b Linguaphone 
028 0 1 |a WAR 3DB3  |b Linguaphone 
028 0 1 |a WAR 4DB3  |b Linguaphone 
028 0 1 |a WAR 5DB3  |b Linguaphone 
028 0 1 |a WAR 6DB3  |b Linguaphone 
028 0 1 |a WAR 7DB3  |b Linguaphone 
028 0 1 |a WAR 8DB3  |b Linguaphone 
028 0 1 |a WAR 9DB3  |b Linguaphone 
028 0 1 |a WAR 10DB3  |b Linguaphone 
035 |l 10088563 
040 |a GR-MY-UA  |b gre  |e aacr 
041 1 |a eng  |g ara 
082 7 |a 492.7   |2 (22) 
110 2 |a Linguaphone Institute. 
245 1 0 |a Arabic course   |h [ηχογράφηση] /   |c Linguaphone.  
260 |a London :   |b Linguaphone Institute,   |c c1977-2004.  
300 |a 10 δίσκοι CD (π. 10 ώρες) ;   |c 4 3/4 ιν.+   |e 7 βιβλία 
500 |a Σε πλαστικό βαλιτσάκι (26x36 εκ.).  
505 0 |a Transliteration book - Alphabet book - Handbook - Study guide - Vocabulary book - Grammar book - Textbook  
650 0 0 |a Arabic language  |x Sound recordings for English speakers. 
650 0 0 |a Arabic language  |x Study and teaching  |x Audio-visual aids. 
650 0 0 |a Arabic language  |x Study and teaching  |x Foreign speakers. 
852 |a INST  |b RHODES  |c AV  |e 20201007  |h 492.7 LIN  |p 005400026358  |q 005400026358  |t CD  |v Μέρος .10:  |y 23 
852 |a INST  |b RHODES  |c AV  |e 20201007  |h 492.7 LIN  |p 005400026366  |q 005400026366  |t CD  |v Μέρος .1:  |y 23 
852 |a INST  |b RHODES  |c AV  |e 20201007  |h 492.7 LIN  |p 005400026367  |q 005400026367  |t CD  |v Μέρος .2:  |y 23 
852 |a INST  |b RHODES  |c AV  |e 20201007  |h 492.7 LIN  |p 005400026368  |q 005400026368  |t CD  |v Μέρος .3:  |y 23 
852 |a INST  |b RHODES  |c AV  |e 20201007  |h 492.7 LIN  |p 005400026369  |q 005400026369  |t CD  |v Μέρος .4:  |y 23 
852 |a INST  |b RHODES  |c AV  |e 20201007  |h 492.7 LIN  |p 005400026370  |q 005400026370  |t CD  |v Μέρος .5:  |y 23 
852 |a INST  |b RHODES  |c AV  |e 20201007  |h 492.7 LIN  |p 005400026371  |q 005400026371  |t CD  |v Μέρος .6:  |y 23 
852 |a INST  |b RHODES  |c AV  |e 20201007  |h 492.7 LIN  |p 005400026372  |q 005400026372  |t CD  |v Μέρος .7:  |y 23 
852 |a INST  |b RHODES  |c AV  |e 20201007  |h 492.7 LIN  |p 005400026373  |q 005400026373  |t CD  |v Μέρος .8:  |y 23 
852 |a INST  |b RHODES  |c AV  |e 20201007  |h 492.7 LIN  |p 005400026396  |q 005400026396  |t CD  |v Μέρος .9:  |y 23 
852 |a INST  |b RHODES  |c AV  |e 20201007  |h 492.7 LIN  |p 005400026359  |q 005400026359  |t CD  |v Μέρος .1:  |y 23 
852 |a INST  |b RHODES  |c AV  |e 20201007  |h 492.7 LIN  |p 005400026360  |q 005400026360  |t CD  |v Μέρος .2:  |y 23 
852 |a INST  |b RHODES  |c AV  |e 20201007  |h 492.7 LIN  |p 005400026361  |q 005400026361  |t CD  |v Μέρος .3:  |y 23 
852 |a INST  |b RHODES  |c AV  |e 20201007  |h 492.7 LIN  |p 005400026362  |q 005400026362  |t CD  |v Μέρος .4:  |y 23 
852 |a INST  |b RHODES  |c AV  |e 20201007  |h 492.7 LIN  |p 005400026363  |q 005400026363  |t CD  |v Μέρος .5:  |y 23 
852 |a INST  |b RHODES  |c AV  |e 20201007  |h 492.7 LIN  |p 005400026364  |q 005400026364  |t CD  |v Μέρος .6:  |y 23 
852 |a INST  |b RHODES  |c AV  |e 20201007  |h 492.7 LIN  |p 005400026365  |q 005400026365  |t CD  |v Μέρος .7:  |y 23 
853 |a INST  |b RHODES  |c AV  |h 492.7 LIN 
853 |a INST  |b RHODES  |c AV  |h 492.7 LIN supplement 1 
853 |a INST  |b RHODES  |c AV  |h 492.7 LIN supplement 2 
853 |a INST  |b RHODES  |c AV  |h 492.7 LIN supplement 3 
853 |a INST  |b RHODES  |c AV  |h 492.7 LIN supplement 4 
853 |a INST  |b RHODES  |c AV  |h 492.7 LIN supplement 5 
853 |a INST  |b RHODES  |c AV  |h 492.7 LIN supplement 6 
853 |a INST  |b RHODES  |c AV  |h 492.7 LIN supplement 7 
901 |a BIBL4-2007-2 
909 |a Ρ  |b 129538 
909 |a Ρ  |b 129539 
909 |a Ρ  |b 129540 
909 |a Ρ  |b 129541 
909 |a Ρ  |b 129542 
909 |a Ρ  |b 129543 
909 |a Ρ  |b 129544 
909 |a Ρ  |b 129545 
909 |a Ρ  |b 129546 
909 |a Ρ  |b 129547 
909 |a Ρ  |b 129548 
909 |a Ρ  |b 129549 
909 |a Ρ  |b 129550 
909 |a Ρ  |b 129551 
909 |a Ρ  |b 129552 
909 |a Ρ  |b 129553 
909 |a Ρ  |b 129554 
920 |a ΑΝΑΜΟΡΦΩΣΗ  |b ΕΠΕΑΕΚ ΙΙ-ΤΜΣ  |y Ρόδος  |z 2006-10 
970 |a ΚΟΖΑ  |b ΜΑΡΙΑ  |z 2007/06/29